ACC Championship Matchups - Hard Mode - Statistics

General Stats
  • This quiz has been taken 14 times
  • The average score is 30 of 40
Answer Stats
Hint Ranking (If Any) Answer % Correct
2005 22 Florida State
100%
2015 1 Clemson
85%
2016 3 Clemson
85%
2017 1 Clemson
85%
2018 2 Clemson
85%
2019 3 Clemson
85%
2024 17 Clemson
85%
2023 4 Florida State
85%
2023 14 Louisville
85%
2024 8 SMU
85%
2005 5 Virginia Tech
85%
2020 3 Clemson
77%
2022 9 Clemson
77%
2010 20 Florida State
77%
2012 13 Florida State
77%
2013 1 Florida State
77%
2014 2 Florida State
77%
2009 12 Georgia Tech
77%
2017 7 Miami
77%
2015 8 North Carolina
77%
2022 23 North Carolina
77%
2007 12 Boston College
69%
2008 18 Boston College
69%
2006 23 Georgia Tech
69%
2012 Georgia Tech
69%
2014 12 Georgia Tech
69%
2018 Pittsburgh
69%
2021 15 Pittsburgh
69%
2019 22 Virginia
69%
2007 6 Virginia Tech
69%
2008 25 Virginia Tech
69%
2010 12 Virginia Tech
69%
2011 5 Virginia Tech
69%
2016 19 Virginia Tech
69%
2006 16 Wake Forest
69%
2021 16 Wake Forest
69%
2009 25 Clemson
54%
2011 21 Clemson
54%
2013 20 Duke
54%
2020 2 Notre Dame
46%
No matching quizzes found
Score Distribution
Percent of People with Each Score
Percentile by Number Answered
Your Score History
You have not taken this quiz